| 000 | 01049cam a2200313 a 4500 | ||
|---|---|---|---|
| 001 | BK0004331263 | ||
| 003 | DLC | ||
| 005 | 20241220131727.0 | ||
| 008 | 030916s2004 nyu b 000 1 eng | ||
| 010 | _a2003020465 | ||
| 020 |
_a9780399242861 : SAL _c$17.99 |
||
| 020 |
_a0399242864 : SAL _c$17.99 |
||
| 037 |
_bPenguin Group USA, Order Processing Dept 120 Woodbine st, Bergenfield, NJ, USA, 07621 _nSAN 282-5074 |
||
| 040 |
_aDLC _cDLC _dDLC |
||
| 050 | 0 | 0 |
_aPZ7.J3643 _bHo 2004 |
| 082 | 0 | 0 |
_a[E] _222 |
| 092 | _aE | ||
| 092 | _aJEFFERS | ||
| 100 | 1 |
_aJeffers, Oliver. _95809843 |
|
| 245 | 1 | 0 |
_aHow to catch a star / _cOliver Jeffers. |
| 250 | _a1st American ed. | ||
| 260 |
_aNew York : _bPhilomel Books, _cc2004. |
||
| 300 |
_a32 _bcol. ill. ; _c27 cm. |
||
| 520 | _aEager to have a star of his own, a boy devises imaginative ways of catching one. | ||
| 650 | 1 |
_aStars _vFiction. _95693397 |
|
| 856 | 4 | 2 |
_3Publisher description _uhttp://www.loc.gov/catdir/enhancements/fy0717/2003020465-d.html |
| 942 |
_cBOOK _084 |
||
| 998 | _aa148560 | ||
| 999 |
_c81492 _d81492 |
||